Joint Communiques 1998-2014 (Record no. 2706)
[ view plain ]
| 000 -LEADER | |
|---|---|
| fixed length control field | 00255nam a22001097a 4500 |
| 082 ## - DEWEY DECIMAL CLASSIFICATION NUMBER | |
| Classification number | 327.5491 |
| 100 ## - MAIN ENTRY--PERSONAL NAME | |
| Personal name | Ministry of Foreign Affairs |
| 245 ## - TITLE STATEMENT | |
| Title | Joint Communiques 1998-2014 |
| 260 ## - PUBLICATION, DISTRIBUTION, ETC. | |
| Place of publication, distribution, etc. | Islamabad |
| Name of publisher, distributor, etc. | Govt of Pakistan |
| 300 ## - PHYSICAL DESCRIPTION | |
| Extent | 735p |
| 942 ## - ADDED ENTRY ELEMENTS (KOHA) | |
| Koha item type | Book |
| Withdrawn status | Lost status | Damaged status | Not for loan | Collection code | Permanent Location | Current Location | Shelving location | Date acquired | Total Checkouts | Full call number | Barcode | Date last seen | Date last checked out | Price effective from | Koha item type |
|---|---|---|---|---|---|---|---|---|---|---|---|---|---|---|---|
| NUST Law School (NLS) | NUST Law School (NLS) | General Stacks | 03/15/2016 | 1 | 327.5491 MIN | S3H-D-82 | 08/03/2019 | 07/23/2019 | 03/15/2016 | Book |
